<?xml version="1.0" encoding="UTF-8"?><?xml-stylesheet type="text/xsl" href="static/style.xsl"?><OAI-PMH xmlns="http://www.openarchives.org/OAI/2.0/" xmlns:xsi="http://www.w3.org/2001/XMLSchema-instance" xsi:schemaLocation="http://www.openarchives.org/OAI/2.0/ http://www.openarchives.org/OAI/2.0/OAI-PMH.xsd"><responseDate>2026-04-13T06:34:15Z</responseDate><request verb="GetRecord" identifier="oai:www.recercat.cat:2072/411621" metadataPrefix="marc">https://recercat.cat/oai/request</request><GetRecord><record><header><identifier>oai:recercat.cat:2072/411621</identifier><datestamp>2026-03-27T03:53:50Z</datestamp><setSpec>com_2072_98</setSpec><setSpec>col_2072_378192</setSpec></header><metadata><record xmlns="http://www.loc.gov/MARC21/slim" xmlns:dcterms="http://purl.org/dc/terms/" xmlns:xsi="http://www.w3.org/2001/XMLSchema-instance" xmlns:doc="http://www.lyncode.com/xoai" xsi:schemaLocation="http://www.loc.gov/MARC21/slim http://www.loc.gov/standards/marcxml/schema/MARC21slim.xsd">
   <leader>00925njm 22002777a 4500</leader>
   <datafield ind2=" " ind1=" " tag="042">
      <subfield code="a">dc</subfield>
   </datafield>
   <datafield ind2=" " ind1=" " tag="720">
      <subfield code="a">Barrena, Raquel</subfield>
      <subfield code="e">author</subfield>
   </datafield>
   <datafield ind2=" " ind1=" " tag="720">
      <subfield code="a">Pagans i Miró, Estel·la</subfield>
      <subfield code="e">author</subfield>
   </datafield>
   <datafield ind2=" " ind1=" " tag="720">
      <subfield code="a">Vázquez Lima, Felícitas</subfield>
      <subfield code="e">author</subfield>
   </datafield>
   <datafield ind2=" " ind1=" " tag="720">
      <subfield code="a">Artola, Adriana</subfield>
      <subfield code="e">author</subfield>
   </datafield>
   <datafield ind2=" " ind1=" " tag="720">
      <subfield code="a">Sánchez, Antoni</subfield>
      <subfield code="e">author</subfield>
   </datafield>
   <datafield ind2=" " ind1=" " tag="260">
      <subfield code="c">2007</subfield>
   </datafield>
   <datafield ind2=" " ind1=" " tag="520">
      <subfield code="a">A full-scale cocomposting experiment using hair wastes from the leather manufacturing industry and sewage sludge as cosubstrates was carried out with the aim of producing compost that may be used as an organic amendment in agriculture. A 1:1 weight ratio of hair wastes and sewage sludge was used based on experiments at smaller-scale. The resulting mixture was then amended with pruning wastes acting as bulking agent in a 1:1 volumetric ratio (mixture:pruning wastes). The experiment was carried out using the windrow composting technology with a weekly turning frequency. Thermophilic range of temperature was quickly achieved and maintained for more than 8 weeks. This fact ensured the sanitation of the compost according to international requirements. Additionally, the quality of the product obtained expressed in stability terms was very high (Self-heating test grade: V; respiration index: 0.83 mg O₂ per gram of organic matter per hour). The nitrogen content in the final product was also high (5.6%, dry basis). In conclusion, the recycling of hair wastes produced in the leather manufacturing industry using the composting technology is feasible and a valuable organic fertilizer may be obtained.</subfield>
   </datafield>
   <datafield tag="653" ind2=" " ind1=" ">
      <subfield code="a">Composting</subfield>
   </datafield>
   <datafield tag="653" ind2=" " ind1=" ">
      <subfield code="a">Fertilizer</subfield>
   </datafield>
   <datafield tag="653" ind2=" " ind1=" ">
      <subfield code="a">Leather industry</subfield>
   </datafield>
   <datafield ind2="0" ind1="0" tag="245">
      <subfield code="a">Full-scale co-composting of hair wastes from the leather manufacturing industry and sewage sludge</subfield>
   </datafield>
</record></metadata></record></GetRecord></OAI-PMH>